| 000 | 00677aam a2200265 4500 | ||
|---|---|---|---|
| 005 | 20240418111402.0 | ||
| 008 | 150601b xxu||||| |||| 00| 0 spa d | ||
| 020 | _a9789977660967 | ||
| 041 | _aESP | ||
| 082 | _a684.106 C287m | ||
| 100 |
_aCarmiol Umaña, Virginia _921877 |
||
| 245 | _aMuebles en bambú | ||
| 260 | _aCosta Rica | ||
| 260 | _bEditorial Tecnológica de Costa Rica | ||
| 260 | _c1998 | ||
| 300 | _a172 páginas | ||
| 650 | _aBAMBÚ | ||
| 650 | _aCOSTA RICA | ||
| 650 | _aSILVICULTURA | ||
| 650 | _aPREPARACIÓN DEL MATERIAL | ||
| 650 | _aCONSTRUCCIÓN DE MUEBLES | ||
| 650 | _aDIMENSIONES ERGONÓMICAS | ||
| 942 |
_cBK _2ddc |
||
| 999 |
_c2470 _d2470 |
||